Senior Art centrum

Gespeichert in:
Bibliographische Detailangaben
1. Verfasser: Dulín, Adam (Verfasst von)
Weitere Verfasser: Varga, Tibor (Betreuung Doktorarbeit)
Format: Manuskript Buch
Sprache:Slowakisch
Veröffentlicht: Bratislava 2017
Schlagworte:
Online-Zugang:http://is.stuba.sk/zp/portal_zp.pl?podrobnosti=111630
Tags: Tag hinzufügen
Keine Tags, Fügen Sie das erste Tag hinzu!

MARC

LEADER 00000ntm a22000003a 4500
001 stuzp63858
003 SK-STU
005 20210202091743.5
007 ta
008 150427s2015----xo-----f-mn---000-0-slo-d
040 |a STU  |b slo 
041 0 |a slo 
100 1 |a Dulín, Adam  |u 052120  |4 aut  |U FAD Fakulta architektúry  |T FA Ústav ekologickej a experimentálnej architektúry  |X 65329  |U A2120  |Y 393  |7 65329 
242 0 1 |a Seniors' art centre  |y eng 
245 1 0 |a Senior Art centrum 
260 |c 2017  |a Bratislava 
650 4 |a seniori  |2 slo 
650 4 |a komunitné centrum  |2 slo 
650 4 |a stacionár  |2 slo 
650 4 |a community centre  |2 eng 
650 4 |a arts  |2 eng 
650 4 |a seniors  |2 eng 
700 1 |a Varga, Tibor  |u 052120  |k Z1  |4 ths  |U FAD Fakulta architektúry  |T FA Ústav ekologickej a experimentálnej architektúry  |X 337  |U A2120  |Y 393  |7 A000000337 
856 4 |u http://is.stuba.sk/zp/portal_zp.pl?podrobnosti=111630  |u https://opac.crzp.sk/?fn=detailBiblioForm&sid=85D30AFD35884905429DBF4E20A9